| 000 | 00842nam a22002057a 4500 | ||
|---|---|---|---|
| 999 |
_c16691 _d16691 |
||
| 003 | AR-CdUCM | ||
| 008 | 190504b ||||| |||| 00| 0 spa d | ||
| 040 |
_aMUNICIPALIDAD PROVINCIAL DEL CUSCO _cBIBLIOTECA MUNICIPAL DEL CUSCO |
||
| 082 |
_a330.45 / _bD24 |
||
| 100 |
_aDell, Sidney S. _936279 |
||
| 245 | _aProblemas de un mercado común en América latina / | ||
| 260 |
_aMéxico : _bCentro de Estudios Monetarios latinoamericanos, _c1959. |
||
| 300 |
_a214 p _c22 cm. |
||
| 505 | _aContenido: Consideraciones generales argumentos en favor de un mercado común en américa latina -- Dificultades que pueden suscitarse -- La importancia de la experiencia europea... | ||
| 650 |
_aMercados de Sudamérica _936280 |
||
| 650 |
_aLibre comercio _95839 |
||
| 650 |
_aMercado común _936281 |
||
| 942 |
_2ddc _cLIBROS |
||
| 945 |
_adavv _d04/05/2019 |
||